Migración e identidad cultural en Costa Rica (1840-1940)/
Gespeichert in:
| 1. Verfasser: | |
|---|---|
| Format: | Buch |
| Sprache: | Spanish |
| Tags: |
Tag hinzufügen
Keine Tags, Fügen Sie den ersten Tag hinzu!
|
MARC
| LEADER | 00000nam a22000007a 4500 | ||
|---|---|---|---|
| 003 | cru CIDCACS/IIS | ||
| 005 | 20180111141639.0 | ||
| 007 | ta | ||
| 008 | 180111s2017 cr |||p|r||||||0| ||spa d | ||
| 999 | |c 40801 |d 40801 | ||
| 040 | |c cru CIDCACS/IIS | ||
| 100 | 1 | |9 6335 |a González Chaves, Daniel | |
| 245 | 1 | |a Migración e identidad cultural en Costa Rica (1840-1940)/ |c Daniel González Chaves | |
| 300 | |a páginas 131-144 | ||
| 773 | 0 | |0 18728 |9 1721 |a Universidad de Costa Rica |d San José, Costa Rica Editorial UCR 1956- |o 18440 |t Revista de Ciencias Sociales/ | |
| 942 | |2 ddc |c PP | ||
